1251 1999 1906 1487 1246 1149 1758 1452 1166 1810 1862 1972 1818 1079 1449 1563 1473 1021 1840 1907 1275 1051 1032 1564 1884 1162 1841 1873 1548 1063 1407 1697 1188 1258 1226 1113 1222 1536 1669 1454 1472 1297 1750 1972 1122 1294 1661 1409 1709 1878 1833 1438 1156 1310 1072 1377 1380 1858 1845 1428 1864 1496 1715 1374 1572 1359 1242 1460 1770 1223 1534 1386 1274 1044 1072 1085 1195 1460 1486 1333 1085 1462 1489 1726 1691 1101 1548 1138 1732 1942 1656 1739 1608 1762 1031 1151 1788 1444 1535 BCNSPRNW ULIB Ver.6.0+V

เปลี่ยนเป็นภาษาไทย

Change to English
 แสดงรายละเอียดบรรณานุกรม
  กลับหน้าหลัก

Brief Record : Get Marc (ISO 2709) : E-mail record : QR code < ปิดหน้าต่าง
LEADER : 00000nam 2200000uu 4500
001    13399121175
003     ULIB
008    121108s2550||||th 000 0 tha d
020    ^a9789744913739
050  4 ^aLB1060^bป298ก
100 0  ^aประพนธ์ ผาสุขยืด
245 10 ^aการจัดการความรู้ :^bฉบับมือใหม่หัดขับ /^cโดย ประพนธ์ ผาสุขยืด
250    ^aพิมพ์ครั้งที่ 9
260    ^aกรุงเทพฯ :^bใยไหม,^c2550
300    ^a89 หน้า :^bภาพประกอบ ;^c21 ซม.
650  4 ^aการจัดการความรู้
650  4 ^aการบริหารจัดการ
650  4 ^aการบริหารองค์ความรู้
650  4 ^aการเรียนรู้
650  4 ^aการเรียนรู้องค์การ
650  4 ^aการศึกษา
945    ^p85^l0^i15441
995    ^aวิภา
999 ^a ทศพร
รายการนี้ยังไม่มีแท็ก
คุณยังไม่ได้ล็อกอิน คุณสามารถมีกิจกรรมร่วมกับเว็บไซต์ได้ แต่ต้องล็อกอินก่อน ::
  ล็อกอิน

รายการสื่อสารสนเทศ

ลำดับที่ ประเภท เลขเรียก/บาร์โค้ด สถานที่ สถานะ
1. วิทยาศาสตร์การแพทย์ และสุขภาพ
วิทยาศาสตร์การแพทย์ และสุขภาพ
LB1060 ป298ก  
  Barcode: 15441
ห้องสมุดวิทยาเขตสวรรค์ประชารักษ์
►หนังสือทั่วไป
บนชั้น

รายการใกล้เคียง
    ผู้แต่ง [ประพนธ์ ผาสุขยืด]

    หัวเรื่อง [การจัดการความรู้]
    หัวเรื่อง [การบริหารจัดการ]
    หัวเรื่อง [การบริหารองค์ความรู้]
    หัวเรื่อง [การเรียนรู้]
    หัวเรื่อง [การเรียนรู้องค์การ]
    หัวเรื่อง [การศึกษา]

BibComment


ยังไม่เคยถูกคอมเมนท์

คอมเมนท์ทรัพยากรรายการนี้
  คอมเมนท์: การจัดการความรู้..


 Copyright 2026. Bcnsprnw @Library